000 00493nam a2200145Ia 4500
008 170224s9999 xx 000 0 und d
100 _aPaul De Lange
245 _aContinuing Professional Development in the Accounting Profession: Practices and Perceptions from the Asia Pacific Region
245 _cPaul De Lange, Beverley Jackling & Themin Suwardy
260 _bAccounting Education
260 _c2015
300 _a24:1, Pages: 41-56
650 _xAccountancy
650 _xAccounting
999 _c316127
_d316127